| 000 | 01174nam a2200253 4500 | ||
|---|---|---|---|
| 001 | 263 | ||
| 003 | OSt | ||
| 005 | 20250225094345.0 | ||
| 008 | 250225b |||||||e |||| 00| 1 eng d | ||
| 020 | _a9788560451142 | ||
| 040 | _bpor | ||
| 041 | _hpor | ||
| 082 |
_a133.9 _bI35v |
||
| 100 | 1 |
_aInácio, Celso Batista _d1953- _9486 |
|
| 245 |
_aViver Melhor _bOrientações para o seu dia a dia / _cInácio, Celso Batista ; |
||
| 260 |
_aSanta Luzia _bCristo Consolador _c2011 |
||
| 300 | _a155 p. | ||
| 520 | _aO livro, por suas palavras, é também um tipo de energia que emite suas vibrações, assim, quando se abre as suas páginas, vai-se diretamente para a energia afim, ou seja, aquela que se casa melhor com o problema apresentado. Dessa forma, a orientação será perfeita para aquela hora e para aquele problema. Este livro é um conselheiro que usa as próprias vibrações do leitor para levá-lo ao encontro da resposta certa e dar-lhe instrumentos de confiança para uma tomada de decisão. | ||
| 650 | 0 |
_aLiteratura Brasileira _9205 |
|
| 650 | 0 |
_aEstudos Espíritas _9165 |
|
| 650 | 0 |
_aAuto Conhecimento _919 |
|
| 655 | 0 |
_aRomance _923 |
|
| 942 |
_2ddc _n0 _cBK |
||
| 999 |
_c263 _d263 |
||